[Event "FIDE WRBTC Blitz-Pool 2024"]
[Site "Astana"]
[Date "2024.08.05"]
[Round "4.9"]
[White "Sapenov, Daniyal"]
[Black "Wafa, Hamed"]
[Result "1-0"]
[WhiteElo "2311"]
[BlackElo "2345"]
[Annotator "ChessBase"]
[PlyCount "73"]
[EventDate "2024.08.01"]
[EventType "team-tourn"]
[EventCountry "KAZ"]
[SourceTitle "playchess.com"]
[Source "ChessBase"]
[SourceQuality "1"]

1. d4 Nf6 2. Nf3 c5 3. e3 d5 4. Nbd2 Nc6 5. c3 cxd4 6. exd4 Bf5 7. Qb3 Qc8 8. Be2 e6 9. O-O Bd6 10. h3 O-O 11. Re1 a6 12. a4 Rb8 13. Nf1 Qc7 14. Bg5 Ne4 15. Be3 h6 16. N3d2 Na5 17. Qd1 b5 18. Nxe4 Bxe4 19. Nd2 Bg6 20. axb5 axb5 21. b4 Nc4 22. Nxc4 bxc4 23. Qd2 Ra8 24. Qb2 Bf4 25. Bxf4 Qxf4 26. Bf1 Be4 27. Rxa8 Rxa8 28. Ra1 Rxa1 29. Qxa1 Qd2 30. b5 Qc2 31. b6 Qb3 32. Qa8+ Kh7 33. b7 Bd3 34. b8=Q Qd1 35. Kh2 Qxf1 36. Qg8+ Kg6 37. Qaf8 1-0

[Event "FIDE WRBTC Blitz-Pool 2024"]
[Site "Astana"]
[Date "2024.08.05"]
[Round "4.9"]
[White "Kozhabekov, Adilkhan"]
[Black "Sharshenbekov, Emir"]
[Result "1-0"]
[WhiteElo "1855"]
[BlackElo "2078"]
[Annotator "ChessBase"]
[PlyCount "92"]
[EventDate "2024.08.01"]
[EventType "team-tourn"]
[EventCountry "KAZ"]
[SourceTitle "playchess.com"]
[Source "ChessBase"]
[SourceQuality "1"]

1. d4 d5 2. c4 dxc4 3. Nf3 Nf6 4. e3 e6 5. Bxc4 a6 6. O-O c5 7. Nc3 Nc6 8. dxc5 Qxd1 9. Rxd1 Bxc5 10. Be2 Ke7 11. Nd2 Rd8 12. Nb3 Rxd1+ 13. Bxd1 Bd6 14. e4 Bd7 15. Be3 Ne5 16. Bd4 Nc6 17. Bb6 Rc8 18. Be2 Bc7 19. Be3 Ke8 20. Rd1 Ne5 21. f3 b5 22. a3 Nc4 23. Bxc4 bxc4 24. Nd4 Bb6 25. Kf2 Ba5 26. Nde2 Rb8 27. Rd2 Bc6 28. Rc2 Nd7 29. Bd4 e5 30. Be3 Bb6 31. Bxb6 Nxb6 32. Nd1 Ba4 33. Rc1 Bxd1 34. Rxd1 Na4 35. Rd5 Rxb2 36. Rxe5+ Kd7 37. Ke3 c3 38. Ra5 Nb6 39. Rc5 c2 40. Nd4 Ra2 41. Nxc2 Na4 42. Rc4 Nb6 43. Rd4+ Ke6 44. Kd3 Nd7 45. f4 Nc5+ 46. Kc3 Nd7 1-0

[Event "FIDE WRBTC Blitz-Pool 2024"]
[Site "Astana"]
[Date "2024.08.05"]
[Round "4.10"]
[White "Wageih, Kareim"]
[Black "Mamedov, Edgar"]
[Result "0-1"]
[WhiteElo "2402"]
[BlackElo "2443"]
[Annotator "ChessBase"]
[PlyCount "58"]
[EventDate "2024.08.01"]
[EventType "team-tourn"]
[EventCountry "KAZ"]
[SourceTitle "playchess.com"]
[Source "ChessBase"]
[SourceQuality "1"]

1. d4 d5 2. Nf3 Nf6 3. e3 c5 4. c3 e6 5. Nbd2 Nc6 6. Bd3 Bd6 7. O-O O-O 8. dxc5 Bxc5 9. e4 e5 10. Qc2 h6 11. exd5 Nxd5 12. Ne4 Be7 13. Rd1 Be6 14. a3 Qc7 15. Ng3 Rad8 16. c4 Nf4 17. Bxf4 exf4 18. Ne2 Bf6 19. Rac1 Ne5 20. Nxe5 Bxe5 21. f3 Qb6+ 22. Kh1 Qxb2 23. Qxb2 Bxb2 24. Rb1 Be5 25. c5 Bd5 26. Rb4 Bc6 27. h4 Rd5 28. Nxf4 Bxf4 29. Rxf4 Rfd8 0-1

[Event "FIDE WRBTC Blitz-Pool 2024"]
[Site "Astana"]
[Date "2024.08.05"]
[Round "4.10"]
[White "Iunusov, Nuriddin"]
[Black "Savitskiy, Vladimir"]
[Result "1-0"]
[WhiteElo "1925"]
[BlackElo "1893"]
[Annotator "ChessBase"]
[PlyCount "58"]
[EventDate "2024.08.01"]
[EventType "team-tourn"]
[EventCountry "KAZ"]
[SourceTitle "playchess.com"]
[Source "ChessBase"]
[SourceQuality "1"]

1. e4 c5 2. c3 d5 3. exd5 Qxd5 4. d4 Nc6 5. Nf3 Bf5 6. Be3 cxd4 7. Nxd4 O-O-O 8. Be2 Nxd4 9. cxd4 Nf6 10. Nc3 Qd7 11. O-O e6 12. Bb5 Qd6 13. Qa4 Kb8 14. d5 a6 15. Be2 e5 16. Nb5 Qd7 17. Rac1 Nxd5 18. Rfd1 Be7 19. Rxd5 Qxd5 20. Ba7+ Ka8 21. Nc7+ Kxa7 22. Nxd5 Rxd5 23. Rc7 Bf6 24. Qb3 Rb5 25. Bxb5 axb5 26. Qxb5 Be4 27. a4 Rd8 28. h3 Bd5 29. a5 Be4 1-0

[Event "FIDE WRBTC Blitz-Pool 2024"]
[Site "Astana"]
[Date "2024.08.05"]
[Round "4.10"]
[White "Adilbekuly, Altair"]
[Black "Wong, Zhenyong Jayden"]
[Result "0-1"]
[WhiteElo "1694"]
[BlackElo "2397"]
[Annotator "ChessBase"]
[PlyCount "124"]
[EventDate "2024.08.01"]
[EventType "team-tourn"]
[EventCountry "KAZ"]
[SourceTitle "playchess.com"]
[Source "ChessBase"]
[SourceQuality "1"]

1. e4 g6 2. d4 Bg7 3. Nf3 d6 4. Be2 Nf6 5. Nc3 O-O 6. O-O a6 7. a4 Nc6 8. h3 e5 9. d5 Nb4 10. Be3 c6 11. a5 cxd5 12. Nxd5 Nfxd5 13. exd5 Bf5 14. Bb6 Qd7 15. c3 Nc2 16. Rc1 Qa4 17. Bd3 Bxd3 18. Qxd3 e4 19. Qxc2 Qxc2 20. Rxc2 exf3 21. gxf3 Rfe8 22. b4 Rac8 23. c4 f5 24. c5 Be5 25. Rc4 Kf7 26. f4 Bf6 27. Rfc1 dxc5 28. bxc5 Bd8 29. d6 Rf8 30. d7 Rb8 31. c6 bxc6 32. Rxc6 Bxb6 33. axb6 Ke7 34. Rd1 Rfd8 35. Rc7 Rxb6 36. Ra7 h6 37. Re1+ Kf7 38. Rc7 Rd6 39. Ra1 R8xd7 40. Rxd7+ Rxd7 41. Rxa6 Rd4 42. Ra7+ Kf6 43. Rh7 h5 44. Kg2 Rxf4 45. Kg3 Ra4 46. f3 Kg5 47. Re7 h4+ 48. Kf2 Ra2+ 49. Kg1 Kf4 50. Rg7 g5 51. Rf7 Kg3 52. Kf1 Rf2+ 53. Kg1 Rxf3 54. Rg7 Kf4 55. Rf7 Rxh3 56. Kg2 Rg3+ 57. Kh2 Ra3 58. Re7 Ra2+ 59. Kg1 Kg4 60. Rc7 f4 61. Rc4 Kg3 62. Rc3+ f3 0-1

[Event "FIDE WRBTC Blitz-Pool 2024"]
[Site "Astana"]
[Date "2024.08.05"]
[Round "4.11"]
[White "Balabayeva, Xeniya"]
[Black "Wafa, Shrook"]
[Result "1-0"]
[WhiteElo "2335"]
[BlackElo "2137"]
[Annotator "ChessBase"]
[PlyCount "83"]
[EventDate "2024.08.01"]
[EventType "team-tourn"]
[EventCountry "KAZ"]
[SourceTitle "playchess.com"]
[Source "ChessBase"]
[SourceQuality "1"]

1. e4 c5 2. Nf3 Nc6 3. Bb5 g6 4. O-O Bg7 5. c3 d6 6. d4 cxd4 7. cxd4 Bd7 8. Nc3 a6 9. Be2 Nf6 10. h3 O-O 11. Be3 Rc8 12. Qd2 Re8 13. Rfd1 b5 14. e5 Nh5 15. g4 Na5 16. gxh5 Bxh3 17. hxg6 hxg6 18. Ng5 Bf5 19. Bd3 Bxd3 20. Qxd3 dxe5 21. Qe4 Rc4 22. Qf3 f6 23. dxe5 Qc8 24. exf6 Bxf6 25. Qd5+ e6 26. Qg2 Kg7 27. Nge4 Be5 28. Nd6 Bxd6 29. Rxd6 Rf8 30. Rad1 Rf7 31. Qh2 Nc6 32. Qh6+ Kg8 33. Bg5 Rg4+ 34. Kf1 Qf8 35. Qxf8+ Rxf8 36. Rxc6 Rxg5 37. Rxe6 Kg7 38. Rd7+ Kh6 39. Ne4 Rg4 40. Ree7 g5 41. Re6+ Kh5 42. Rh7# 1-0

[Event "FIDE WRBTC Blitz-Pool 2024"]
[Site "Astana"]
[Date "2024.08.05"]
[Round "4.11"]
[White "Gong, Qianyun"]
[Black "Zhumagali, Raian"]
[Result "1-0"]
[WhiteElo "2250"]
[BlackElo "1632"]
[Annotator "ChessBase"]
[PlyCount "111"]
[EventDate "2024.08.01"]
[EventType "team-tourn"]
[EventCountry "KAZ"]
[SourceTitle "playchess.com"]
[Source "ChessBase"]
[SourceQuality "1"]

1. e4 c5 2. c3 d5 3. exd5 Qxd5 4. d4 Nf6 5. Nf3 Bg4 6. Nbd2 e6 7. h3 Bh5 8. Bb5+ Nc6 9. c4 Qd7 10. g4 Bg6 11. Ne5 Qc7 12. Qf3 Rc8 13. Bxc6+ bxc6 14. Nxg6 hxg6 15. Nb3 cxd4 16. Nxd4 Bb4+ 17. Kf1 Nd7 18. Bf4 e5 19. Bg3 Qb6 20. Nc2 Bd6 21. b3 f6 22. Rd1 Be7 23. Kg2 Rd8 24. Ne3 Nf8 25. Rxd8+ Bxd8 26. Rd1 Ne6 27. Qe4 Kf7 28. Rd7+ Be7 29. h4 Nc5 30. Rxe7+ Kxe7 31. Qxg6 Kf8 32. Nf5 Ne6 33. g5 Qd8 34. gxf6 Qxf6 35. Qg4 g6 36. Ne3 Nf4+ 37. Bxf4 exf4 38. Qc8+ Kg7 39. Qd7+ Qf7 40. Qd4+ Kh7 41. Ng4 f3+ 42. Kg3 Rf8 43. Qe5 Qf5 44. Qe7+ Rf7 45. Qe3 Qd7 46. Qh6+ Kg8 47. Qxg6+ Rg7 48. Qe4 Qd6+ 49. Kxf3 Qf8+ 50. Kg3 Qd6+ 51. Kg2 Qd7 52. f3 Qd2+ 53. Kh3 Qd1 54. Qe8+ Kh7 55. Nf6+ Kh6 56. Qh5# 1-0

[Event "FIDE WRBTC Blitz-Pool 2024"]
[Site "Astana"]
[Date "2024.08.05"]
[Round "4.11"]
[White "Magzumov, Damirali"]
[Black "Lesbekova, Assel"]
[Result "0-1"]
[WhiteElo "1756"]
[BlackElo "1903"]
[Annotator "ChessBase"]
[PlyCount "84"]
[EventDate "2024.08.01"]
[EventType "team-tourn"]
[EventCountry "KAZ"]
[SourceTitle "playchess.com"]
[Source "ChessBase"]
[SourceQuality "1"]

1. e4 e5 2. Nf3 Nf6 3. d4 Nxe4 4. dxe5 d5 5. Nbd2 Nxd2 6. Qxd2 Nc6 7. Qf4 h6 8. Be2 Be6 9. O-O Bc5 10. Qg3 g5 11. Bd2 Qe7 12. c3 O-O-O 13. b4 Bb6 14. a4 a5 15. Bb5 g4 16. Ne1 Nb8 17. Nd3 c6 18. bxa5 Bxa5 19. Nb4 cxb5 20. axb5 Bb6 21. Be3 Bc5 22. Ra4 Kd7 23. Rd1 Ke8 24. Qf4 Nd7 25. c4 Nb6 26. Bxc5 Qxc5 27. Qf6 Rg8 28. Ra7 Qe7 29. Qf4 dxc4 30. Rxd8+ Qxd8 31. h4 gxh3 32. g3 Qd1+ 33. Kh2 Qf1 34. Qe4 Qg2+ 35. Qxg2 hxg2 36. Rxb7 Nd7 37. Kxg2 Kf8 38. Rc7 Kg7 39. Nc6 Bd5+ 40. f3 Bxc6 41. bxc6 Nxe5 42. f4 c3 0-1

[Event "FIDE WRBTC Blitz-Pool 2024"]
[Site "Astana"]
[Date "2024.08.05"]
[Round "4.12"]
[White "Allam, Yara"]
[Black "Fedorov, Grigory"]
[Result "0-1"]
[WhiteElo "1920"]
[BlackElo "1904"]
[Annotator "ChessBase"]
[PlyCount "142"]
[EventDate "2024.08.01"]
[EventType "team-tourn"]
[EventCountry "KAZ"]
[SourceTitle "playchess.com"]
[Source "ChessBase"]
[SourceQuality "1"]

1. e4 e6 2. d4 d5 3. Nd2 Be7 4. Ngf3 Nf6 5. Bd3 dxe4 6. Nxe4 Nxe4 7. Bxe4 c5 8. c3 cxd4 9. Nxd4 e5 10. Nb5 Qxd1+ 11. Kxd1 Na6 12. Be3 f5 13. Bd5 f4 14. Bd2 Bc5 15. Re1 Bd7 16. Bxb7 Bxb5 17. Bxa8 Ke7 18. Bb7 Kf6 19. f3 Rb8 20. Be4 h5 21. Kc2 Bf2 22. Rec1 Nc5 23. a4 Bxa4+ 24. Rxa4 Nxa4 25. b3 Nc5 26. Bd5 Rd8 27. c4 Rb8 28. b4 Ne6 29. Bc3 Nd4+ 30. Bxd4 Bxd4 31. b5 g5 32. Rb1 g4 33. Rb3 Kg5 34. Kd3 h4 35. fxg4 Kxg4 36. Bf3+ Kf5 37. h3 Rg8 38. Be4+ Kf6 39. Ra3 Rd8 40. Ra6+ Bb6+ 41. Ke2 Rd4 42. Bd5 Kf5 43. Bf7 e4 44. Ra3 Rd7 45. Bh5 Rd4 46. Bg4+ Ke5 47. Rc3 Kd6 48. Bf5 Kc5 49. Be6 Kb4 50. Rc2 Bc5 51. Bd5 Kb3 52. Rc1 Kb2 53. Rf1 e3 54. Kf3 Rd2 55. Re1 Rf2+ 56. Kg4 Kc3 57. Bf3 Kxc4 58. Kxf4 Kxb5 59. Kg4 a5 60. Kxh4 Kc4 61. Be2+ Kc3 62. Bb5 Kd2 63. Ra1 Bb4 64. Ra2+ Ke1 65. Ra1+ Kd2 66. Ra2+ Kc1 67. Ra1+ Kb2 68. Rd1 e2 69. Rg1 e1=Q 70. Rxe1 Bxe1 71. g4 Rf5# 0-1

[Event "FIDE WRBTC Blitz-Pool 2024"]
[Site "Astana"]
[Date "2024.08.05"]
[Round "4.12"]
[White "Tazhimyrzaev, Elzar"]
[Black "Kazhiakhmetova, Yerkenaz"]
[Result "1/2-1/2"]
[WhiteElo "1885"]
[BlackElo "1602"]
[Annotator "NA"]
[PlyCount "50"]
[EventDate "2024.08.01"]
[EventType "team-tourn"]
[EventCountry "KAZ"]
[SourceTitle "playchess.com"]
[Source "ChessBase"]
[SourceQuality "1"]

1. e4 Nf6 2. Nc3 d5 3. exd5 Nxd5 4. Nf3 Nxc3 5. bxc3 g6 6. d4 Bg7 7. Bd3 O-O 8. O-O c5 9. Rb1 Nc6 10. Re1 cxd4 11. cxd4 Nxd4 12. Nxd4 Bxd4 13. Ba3 Bf6 14. Qf3 Rb8 15. Qg3 Be6 16. Rbd1 Qc8 17. h4 Kg7 18. h5 b5 19. Bb4 Rd8 20. a3 Re8 21. Re3 Bf5 22. Rf3 Bxd3 23. Rdxd3 Qxc2 24. Rd7 Qa2 25. Rxa7 Qa1+ 1/2-1/2

[Event "FIDE WRBTC Blitz-Pool 2024"]
[Site "Astana"]
[Date "2024.08.05"]
[Round "4.12"]
[White "Ermekbaev, Iliyas"]
[Black "Zhang, Changjie"]
[Result "0-1"]
[WhiteElo "1621"]
[BlackElo "1809"]
[Annotator "NA"]
[PlyCount "51"]
[EventDate "2024.08.01"]
[EventType "team-tourn"]
[EventCountry "KAZ"]
[SourceTitle "playchess.com"]
[Source "ChessBase"]
[SourceQuality "1"]

1. e4 e6 2. d4 d5 3. Nd2 dxe4 4. Nxe4 Be7 5. Bd3 Nf6 6. Bg5 b6 7. Nf3 Bb7 8. Bxf6 Bxf6 9. c3 O-O 10. Qe2 Nd7 11. h4 c5 12. Nfg5 h6 13. dxc5 Nxc5 14. Nxc5 bxc5 15. Bc2 hxg5 16. hxg5 Bxg5 17. Bh7+ Kh8 18. Be4+ Bh6 19. Bxb7 Rb8 20. Be4 Qg5 21. g3 Rfd8 22. Rh5 Qf6 23. Kf1 Rd6 24. Kg2 Rbd8 25. Rb1 Rd2 26. Qf3 0-1

[Event "FIDE WRBTC Blitz-Pool 2024"]
[Site "Astana"]
[Date "2024.08.05"]
[Round "4.13"]
[White "Niemann, Hans Moke"]
[Black "Gurel, Ediz"]
[Result "0-1"]
[WhiteElo "2711"]
[BlackElo "2602"]
[Annotator "ChessBase"]
[PlyCount "57"]
[EventDate "2024.08.01"]
[EventType "team-tourn"]
[EventCountry "KAZ"]
[SourceTitle "playchess.com"]
[Source "ChessBase"]
[SourceQuality "1"]

1. e4 c5 2. Nf3 e6 3. b3 b6 4. d4 cxd4 5. Nxd4 a6 6. Bb2 Bb7 7. Nd2 d6 8. Bd3 Nf6 9. g4 h6 10. Qe2 Nbd7 11. O-O-O Nc5 12. Kb1 Qc7 13. h4 d5 14. e5 Nfe4 15. Bxe4 Nxe4 16. Qe3 Rc8 17. Nxe4 dxe4 18. g5 hxg5 19. hxg5 Rxh1 20. Rxh1 Qxe5 21. Rh8 Qd6 22. a4 Kd7 23. g6 fxg6 24. Rh1 Ke8 25. Qg5 e5 26. Ba3 Qf6 27. Qxf6 gxf6 28. Rh8 Kf7 29. Bxf8 0-1

[Event "FIDE WRBTC Blitz-Pool 2024"]
[Site "Astana"]
[Date "2024.08.05"]
[Round "4.13"]
[White "Nihal Sarin"]
[Black "Akhmedinov, Satbek"]
[Result "1-0"]
[WhiteElo "2668"]
[BlackElo "2379"]
[Annotator "ChessBase"]
[PlyCount "57"]
[EventDate "2024.08.01"]
[EventType "team-tourn"]
[EventCountry "KAZ"]
[SourceTitle "playchess.com"]
[Source "ChessBase"]
[SourceQuality "1"]

1. e4 c5 2. Nf3 Nc6 3. Bb5 e6 4. O-O Nge7 5. Re1 b6 6. c3 a6 7. Bf1 d5 8. exd5 Nxd5 9. d4 Nf6 10. Be3 Bb7 11. dxc5 Bxc5 12. Bxc5 bxc5 13. Qb3 Qc7 14. Nbd2 O-O 15. Qa3 Nd7 16. Ne4 Ne7 17. Rad1 h6 18. g3 Rfd8 19. Bg2 Bxe4 20. Rxe4 Nf6 21. Ree1 Rxd1 22. Rxd1 Rd8 23. Rxd8+ Qxd8 24. Qxc5 Qd1+ 25. Bf1 Qxf3 26. Qxe7 Qd1 27. Qa7 Qb1 28. Qxa6 Qxb2 29. a4 1-0

[Event "FIDE WRBTC Blitz-Pool 2024"]
[Site "Astana"]
[Date "2024.08.05"]
[Round "4.14"]
[White "Zemlyanskii, Ivan"]
[Black "Tabatabaei, M. Amin"]
[Result "1-0"]
[WhiteElo "2543"]
[BlackElo "2712"]
[Annotator "ChessBase"]
[PlyCount "83"]
[EventDate "2024.08.01"]
[EventType "team-tourn"]
[EventCountry "KAZ"]
[SourceTitle "playchess.com"]
[Source "ChessBase"]
[SourceQuality "1"]

1. d4 Nf6 2. c4 e6 3. Bf4 Bb4+ 4. Nd2 c5 5. dxc5 Bxc5 6. Ngf3 b6 7. e3 Bb7 8. Bd3 O-O 9. O-O h6 10. h3 Be7 11. e4 d6 12. Qe2 Nbd7 13. Rfd1 Qc7 14. Rac1 Rfd8 15. Nb1 Nc5 16. Nc3 Nxd3 17. Qxd3 a6 18. b3 Rac8 19. a4 Bf8 20. Qe2 Nd7 21. Be3 g6 22. Qd2 Nc5 23. Qc2 Bg7 24. Bd4 Qe7 25. Bxg7 Kxg7 26. b4 Nd7 27. Qe2 Ne5 28. Nxe5 dxe5 29. Rxd8 Rxd8 30. b5 Qc5 31. Qe3 Qxe3 32. fxe3 axb5 33. axb5 Rc8 34. Na4 Bxe4 35. Nxb6 Rd8 36. c5 Rd2 37. c6 Rxg2+ 38. Kf1 Rb2 39. c7 Bb7 40. Nc4 Rh2 41. Ke1 Rxh3 42. Nd6 1-0

[Event "FIDE WRBTC Blitz-Pool 2024"]
[Site "Astana"]
[Date "2024.08.05"]
[Round "4.14"]
[White "Aitbayev, Aslan"]
[Black "Eljanov, Pavel"]
[Result "0-1"]
[WhiteElo "2380"]
[BlackElo "2672"]
[Annotator "ChessBase"]
[PlyCount "60"]
[EventDate "2024.08.01"]
[EventType "team-tourn"]
[EventCountry "KAZ"]
[SourceTitle "playchess.com"]
[Source "ChessBase"]
[SourceQuality "1"]

1. e4 e5 2. Nf3 Nc6 3. Bb5 Nf6 4. d3 Bc5 5. c3 O-O 6. Bg5 h6 7. Bh4 Be7 8. Nbd2 d6 9. O-O a6 10. Ba4 Nh5 11. Bxe7 Qxe7 12. Re1 Nf4 13. Nf1 Qf6 14. Ne3 Ne7 15. d4 Neg6 16. Bc2 Be6 17. Qd2 Nxg2 18. Nxg2 Qxf3 19. Re3 Qf6 20. Rg3 Nf4 21. Kh1 Nh5 22. Re3 Rad8 23. Rg1 Kh8 24. Bd1 Nf4 25. Rg3 Nh3 26. Rf1 c5 27. d5 Bc8 28. f4 exf4 29. Nxf4 g5 30. Bg4 Nxf4 0-1

[Event "FIDE WRBTC Blitz-Pool 2024"]
[Site "Astana"]
[Date "2024.08.05"]
[Round "4.14"]
[White "Sadybekov, Adilzhan"]
[Black "Sadhwani, Raunak"]
[Result "0-1"]
[WhiteElo "1674"]
[BlackElo "2653"]
[Annotator "ChessBase"]
[PlyCount "68"]
[EventDate "2024.08.01"]
[EventType "team-tourn"]
[EventCountry "KAZ"]
[SourceTitle "playchess.com"]
[Source "ChessBase"]
[SourceQuality "1"]

1. d4 Nf6 2. Nf3 b6 3. Bf4 Bb7 4. e3 g6 5. Nbd2 Bg7 6. h3 O-O 7. Bd3 d6 8. c3 Nbd7 9. O-O e5 10. dxe5 dxe5 11. Bxe5 Nxe5 12. Nxe5 Qe7 13. Ndf3 Rad8 14. Qc2 Nh5 15. Ng4 Bxf3 16. gxf3 f5 17. Nh2 f4 18. e4 Nf6 19. Rad1 Nd7 20. Bc4+ Kh8 21. Kh1 Ne5 22. Be2 h5 23. Rg1 Qe6 24. Bf1 Qxa2 25. Bg2 a5 26. Rd4 c5 27. Rd2 Nc4 28. Re2 Ne5 29. Rd1 c4 30. Rd4 Nd3 31. Rxd8 Rxd8 32. Rd2 Kh7 33. Bf1 Qa1 34. Kg2 Ne1+ 0-1

[Event "FIDE WRBTC Blitz-Pool 2024"]
[Site "Astana"]
[Date "2024.08.05"]
[Round "4.15"]
[White "Volokitin, Andrei"]
[Black "Akhmetov, Ayan"]
[Result "1-0"]
[WhiteElo "2667"]
[BlackElo "2380"]
[Annotator "ChessBase"]
[PlyCount "37"]
[EventDate "2024.08.01"]
[EventType "team-tourn"]
[EventCountry "KAZ"]
[SourceTitle "playchess.com"]
[Source "ChessBase"]
[SourceQuality "1"]

1. e4 e6 2. d4 d5 3. Nc3 Nf6 4. e5 Nfd7 5. f4 c5 6. Nf3 Nc6 7. Be3 a6 8. Qd2 b5 9. dxc5 Bxc5 10. Bd3 b4 11. Na4 Be7 12. Nd4 Nxd4 13. Bxd4 a5 14. O-O g6 15. f5 Ba6 16. fxe6 fxe6 17. Qh6 Bf8 18. Bxg6+ hxg6 19. Qxg6+ 1-0

[Event "FIDE WRBTC Blitz-Pool 2024"]
[Site "Astana"]
[Date "2024.08.05"]
[Round "4.15"]
[White "Narayanan S L"]
[Black "Shevchenko, Alexandr"]
[Result "1-0"]
[WhiteElo "2649"]
[BlackElo "1814"]
[Annotator "ChessBase"]
[PlyCount "43"]
[EventDate "2024.08.01"]
[EventType "team-tourn"]
[EventCountry "KAZ"]
[SourceTitle "playchess.com"]
[Source "ChessBase"]
[SourceQuality "1"]

1. d4 Nf6 2. Nf3 c5 3. d5 e6 4. c4 b5 5. Bg5 bxc4 6. e4 h6 7. Bxf6 gxf6 8. Bxc4 Bg7 9. O-O O-O 10. Nc3 a5 11. a4 Na6 12. Re1 Nb4 13. Qd2 Qb6 14. Rad1 Ba6 15. Nb5 Bxb5 16. Bxb5 exd5 17. exd5 d6 18. Nh4 c4 19. Nf5 Kh7 20. Re3 Nd3 21. Rg3 Ne5 22. Rxg7+ 1-0

[Event "FIDE WRBTC Blitz-Pool 2024"]
[Site "Astana"]
[Date "2024.08.05"]
[Round "4.15"]
[White "Hong, Andrew"]
[Black "Samadov, Read"]
[Result "1/2-1/2"]
[WhiteElo "2572"]
[BlackElo "2509"]
[Annotator "ChessBase"]
[PlyCount "116"]
[EventDate "2024.08.01"]
[EventType "team-tourn"]
[EventCountry "KAZ"]
[SourceTitle "playchess.com"]
[Source "ChessBase"]
[SourceQuality "1"]

1. d4 Nf6 2. Nc3 d5 3. Bf4 c5 4. e3 cxd4 5. exd4 a6 6. Bd3 Nc6 7. Nce2 g6 8. h3 Bg7 9. Nf3 O-O 10. O-O Bf5 11. Bxf5 gxf5 12. Nc1 e6 13. Nd3 Ne4 14. c3 Kh8 15. Nfe5 Nxe5 16. Bxe5 Bxe5 17. Nxe5 Qg5 18. f3 Nd6 19. Qc1 Qg3 20. Qh6 Rg8 21. Rf2 Qg7 22. Qf4 Rad8 23. Re1 Qg5 24. Nd3 Qxf4 25. Nxf4 b5 26. Kh2 a5 27. a3 Rb8 28. Nd3 Nc4 29. g4 Nd6 30. Rg2 fxg4 31. hxg4 Kg7 32. Kg3 h5 33. Kf4 Kf6 34. Ne5 Rbc8 35. g5+ Ke7 36. Rh1 b4 37. axb4 axb4 38. cxb4 Nf5 39. Rxh5 Rg7 40. Rd2 f6 41. gxf6+ Kxf6 42. b5 Rb8 43. Rh1 Rxb5 44. Rh8 Ke7 45. Rc2 Rb7 46. Rcc8 Nxd4 47. Rhe8+ Kd6 48. Rcd8+ Kc5 49. Rc8+ Kb5 50. Nd3 Rgf7+ 51. Ke5 Nxf3+ 52. Kxe6 Rbe7+ 53. Kxd5 Nd2 54. Rxe7 Rxe7 55. Rb8+ Rb7 56. Rc8 Kb6 57. Nc5 Rf7 58. b3 Nxb3 1/2-1/2

[Event "FIDE WRBTC Blitz-Pool 2024"]
[Site "Astana"]
[Date "2024.08.05"]
[Round "4.16"]
[White "Nugumanov, Bakhtiyar"]
[Black "Alekseev, Evgeny"]
[Result "0-1"]
[WhiteElo "2288"]
[BlackElo "2537"]
[Annotator "ChessBase"]
[PlyCount "114"]
[EventDate "2024.08.01"]
[EventType "team-tourn"]
[EventCountry "KAZ"]
[SourceTitle "playchess.com"]
[Source "ChessBase"]
[SourceQuality "1"]

1. e4 c5 2. Nf3 e6 3. d4 cxd4 4. Nxd4 Nc6 5. Nc3 a6 6. g3 Nxd4 7. Qxd4 b5 8. Bg2 Bb7 9. O-O Ne7 10. b3 Nc6 11. Qd2 Bc5 12. Bb2 O-O 13. Kh1 d6 14. f4 Rc8 15. a3 Bd4 16. Nd1 Bxb2 17. Nxb2 e5 18. Nd3 Nd4 19. Rac1 Qe7 20. b4 Rc4 21. fxe5 dxe5 22. Nc5 Ne6 23. Nxe6 Qxe6 24. Qe3 Rd8 25. Rf2 f6 26. c3 Qd6 27. h4 Qe6 28. Kh2 Rc7 29. Bf1 Qg4 30. Bg2 Qe6 31. Rd2 Rxd2 32. Qxd2 Rd7 33. Qe3 Qd6 34. c4 bxc4 35. Rxc4 Kf8 36. h5 h6 37. a4 Ke7 38. a5 Qd2 39. Qc5+ Qd6 40. Qe3 Qd2 41. Qb6 Qd6 42. Qf2 Qd2 43. Qf5 Qg5 44. Qf3 Qd2 45. Qg4 Qg5 46. Qf3 Qd2 47. Rc3 Bxe4 48. Qxe4 Qxc3 49. Qg6 Kd8 50. Qh7 Qxb4 51. Qg8+ Kc7 52. Qe6 Qb5 53. Kh3 Qxa5 54. Be4 Qb6 55. Qe8 a5 56. Bf5 Qc6 57. Bxd7 Qxd7+ 0-1

[Event "FIDE WRBTC Blitz-Pool 2024"]
[Site "Astana"]
[Date "2024.08.05"]
[Round "4.16"]
[White "Shogdzhiev, Roman"]
[Black "Dardha, Daniel"]
[Result "0-1"]
[WhiteElo "2124"]
[BlackElo "2608"]
[Annotator "ChessBase"]
[PlyCount "172"]
[EventDate "2024.08.01"]
[EventType "team-tourn"]
[EventCountry "KAZ"]
[SourceTitle "playchess.com"]
[Source "ChessBase"]
[SourceQuality "1"]

1. e4 c5 2. Nf3 Nc6 3. Bb5 e6 4. Bxc6 bxc6 5. b3 f6 6. Bb2 Ne7 7. O-O Ng6 8. d3 e5 9. Re1 Be7 10. Nc3 O-O 11. Ne2 d5 12. Ng3 Bg4 13. h3 Be6 14. c4 Qd7 15. Bc1 Rad8 16. Be3 f5 17. exf5 Bxf5 18. Nxf5 Qxf5 19. Qe2 Bd6 20. Nh2 Qf7 21. Rac1 Rde8 22. cxd5 cxd5 23. Qf3 Qe6 24. Qg4 Qxg4 25. Nxg4 d4 26. Bd2 a5 27. Rc4 h5 28. Nh2 e4 29. Rxe4 Ne5 30. Rc2 Nxd3 31. Rxe8 Rxe8 32. Bxa5 Nf4 33. Nf3 d3 34. Rd2 Ra8 35. Bb6 Rb8 36. Ba5 Rb5 37. Bd8 c4 38. bxc4 Rb1+ 39. Kh2 Ne6+ 40. g3 Nxd8 41. Rxd3 Nf7 42. Rd2 Rc1 43. a4 Rxc4 44. Ra2 Rc6 45. a5 Ra6 46. Nd4 Bc7 47. Nb3 Ne5 48. Rc2 Bd6 49. Rd2 Kf7 50. Kg2 Ke7 51. Re2 Kf6 52. Rd2 g6 53. h4 Nc4 54. Rd4 Ne5 55. Re4 Rc6 56. Ra4 Bb8 57. Rf4+ Ke7 58. Nd4 Ra6 59. Re4 Kf6 60. Rf4+ Kg7 61. Nb3 Nc6 62. Rc4 Nxa5 63. Ra4 Bc7 64. Ra2 Ra7 65. Nxa5 Bxa5 66. Ra3 Kf6 67. Rf3+ Ke6 68. Re3+ Kd5 69. Re8 Bb6 70. Re2 Bd4 71. Re8 Rf7 72. Re2 Kc4 73. Ra2 Bc5 74. Rc2+ Kd4 75. Ra2 Kd3 76. Rb2 Rf5 77. Ra2 Bd4 78. Kf1 Bxf2 79. Rxf2 Ke3 80. Rxf5 gxf5 81. Kg2 Ke2 82. Kg1 Kf3 83. Kh2 Kf2 84. Kh3 Kg1 85. g4 fxg4+ 86. Kg3 Kh1 0-1

[Event "FIDE WRBTC Blitz-Pool 2024"]
[Site "Astana"]
[Date "2024.08.05"]
[Round "4.16"]
[White "Tulekenova, Aiza"]
[Black "Pranav, V."]
[Result "0-1"]
[WhiteElo "1581"]
[BlackElo "2598"]
[Annotator "ChessBase"]
[PlyCount "54"]
[EventDate "2024.08.01"]
[EventType "team-tourn"]
[EventCountry "KAZ"]
[SourceTitle "playchess.com"]
[Source "ChessBase"]
[SourceQuality "1"]

1. e4 e5 2. Nf3 Nc6 3. Bc4 Nf6 4. d3 h6 5. c3 d6 6. O-O g5 7. Re1 Bg7 8. Nbd2 g4 9. Nh4 Nxe4 10. Nxe4 Qxh4 11. Qb3 O-O 12. Re3 Na5 13. Qd1 Nxc4 14. dxc4 f5 15. Qd5+ Rf7 16. Nd2 Qf6 17. Nf1 c6 18. Qd1 Be6 19. b3 Rd8 20. h3 f4 21. Rd3 gxh3 22. g3 fxg3 23. Rxg3 Qxf2+ 24. Kh1 Qxf1+ 25. Qxf1 Rxf1+ 26. Kh2 Rdf8 27. Bxh6 R8f2+ 0-1